000 00678nam a2200205Ia 4500
001 9096
003 GE_BSU
008 181216s||||||||xx |||||||||||||| ||und||
040 _cGE_BSU
080 _a821.353.1-1
100 _aლებანიძე,მურმან
245 _aლექსები
245 _cრედ:ლ.სულაბერიძე;მხატვ:ირ.ჯანაშვილი, ვ.მელიქიშვილი
260 _aთბილისი.
260 _bლიტერატურა და ხელოვნება.
260 _c1967
300 _a47გვ;17სმ
653 _aლექსები
942 _cBK
999 _c42400
_d42400